Taqrīr al-ḥālah al-ḥāḍarah li-Miṣr /
Main Author:
Other Authors: ,
Format: Book
Language: Arabic
Published:
al-Qāhirah :
al-Majlis al-Aʻlá lil-Thaqāfah,
2006.
Edition: al-Ṭabʻah 1.
Series:
Mashrūʻ al-qawmī lil-tarjamah ;
1005.
Subjects:
Tags: Add Tag
Call Number: DT51 .W2512 2006
| LEADER | 01289nam a2200349Ia 4500 | ||
|---|---|---|---|
| 003 | OSt | ||
| 005 | 20260326070223.0 | ||
| 008 | 240329s2006 ua b 001 0 ara d | ||
| 020 | |a 9773059618 | ||
| 020 | |a 9789773059613 | ||
| 040 | |c ARCE Library | ||
| 050 | 4 | |a DT51 .W2512 2006 | |
| 100 | 1 | |a Wansleben, Johann Michael, |d 1635-1679. | |
| 240 | 1 | 0 | |a Relazione Dello Stato Presente Dell'Egitto. |l Arabic |
| 245 | 1 | 0 | |a Taqrīr al-ḥālah al-ḥāḍarah li-Miṣr / |c taḥrīr Jūfannī Mīkīlah Fanslbiyū ; tarjamat Wadīʻ ʻAwaḍ ; taqdīm Muḥammad ʻAfīfī. |
| 250 | |a al-Ṭabʻah 1. | ||
| 264 | 1 | |a al-Qāhirah : |b al-Majlis al-Aʻlá lil-Thaqāfah, |c 2006. | |
| 300 | |a 286 p. ; |c 24 cm. | ||
| 490 | 0 | |a Mashrūʻ al-qawmī lil-tarjamah ; |v 1005. | |
| 504 | |a Includes bibliographical references and indexes. | ||
| 650 | 0 | |a Copts |x History. | |
| 650 | 0 | |a Copts |z Egypt |x History. | |
| 651 | 0 | |a Egypt |x History |y 17th century. | |
| 651 | 0 | |a Egypt |x Ethnic relations. | |
| 651 | 0 | |a Egypt |x Social life and customs. | |
| 651 | 0 | |a Egypt |x Politics and government. | |
| 700 | 1 | |a ʻAwaḍ, Wadīʻ. | |
| 700 | 1 | |a ʻAfīfī, Muḥammad. | |
| 880 | 1 | 0 | |6 245-02/r |a تقرير الحالة الحاضرة لمصر |
| 901 | |a reviewed | ||
| 942 | |2 lcc |c BK | ||
| 999 | |c 57859 |d 57859 | ||
